| 000 | 00373cam a2200145ua 4500 | ||
|---|---|---|---|
| 041 |
_aeng _h |
||
| 082 |
_a425 _bMAR/EX |
||
| 100 | _aMacton, Johnson R . | ||
| 245 |
_aExpeersive English / _cjohnson R. _hTextual Documents |
||
| 260 |
_aMumbai : _bD B Taraporevala sons & Co. Pvt. Ltd. , _c1961. |
||
| 300 | _a126 ; . | ||
| 504 | _a | ||
| 942 | _cBK | ||
| 999 |
_c12431 _d12431 |
||